Statystyki dla Państwa leżące na Saharze

Kliknij tutaj aby rozwiązać quiz!

Ogólne statystyki

  • Ten quiz został rozwiązany 80 razy
  • Średni wynik to 9 z 10

Statystyki odpowiedzi

Państwo% Poprawnych
Egipt
100%
Maroko
99%
Algieria
97%
Sudan
96%
Libia
93%
Czad
92%
Niger
89%
Tunezja
89%
Mali
88%
Mauretania
84%

Rozkład punktacji

Percentyl według liczby udzielonych odpowiedzi

Procent ludzi z każdym wynikiem

Twoja historia wyników

Nie rozwiązałeś tego quizu